| 000 | 00450nam a22001817a 4500 | ||
|---|---|---|---|
| 003 | CEME | ||
| 005 | 20210628210124.0 | ||
| 008 | 210215b xxu||||| |||| 00| 0 eng d | ||
| 020 | _a0-07-913780-6 | ||
| 040 | _c. | ||
| 082 | _a006.7786 ROO | ||
| 100 |
_aBoer, James R Root, Michael D _978184 |
||
| 245 | _aDirectx complete | ||
| 260 |
_aNEW YORK _bMCGRAW HILL _c1999 |
||
| 300 | _a635P | ||
| 650 |
_aMULTIMEDIA SYSTEMS _936511 |
||
| 942 |
_cBK _2ddc |
||
| 999 |
_c583346 _d583346 |
||